00846cam a2200241 a 4500001000700000003000400007005001700011008004100028010001700069020001500086040001800101043001200119082001700131100003200148245011400180260004400294300002900338504005100367650004000418651003600458651005500494651005500549462020OSt20230703164215.0830909s1984 nyua b 001 0 eng  a 83019618  a0671441272 aDLCcDLCdDLC an-us---00a338.973bSTE1 aStein, Herbert,d1916-1999.10aPresidential economics :bthe making of economic policy from Roosevelt to Reagan and beyond /cHerbert Stein. aNew York :bSimon and Schuster,cc1984. a414 p. :bill. ;c23 cm. aIncludes bibliographical references and index. 0aPresidentszUnited StatesxHistory. 0aUnited StatesxEconomic policy. 0aUnited StatesxPolitics and governmenty1933-1945. 0aUnited StatesxPolitics and governmenty1945-1989.